| 000 | 01590nam a22001577a 4500 | ||
|---|---|---|---|
| 041 | _aukr | ||
| 080 | _a09 | ||
| 090 | _bМИК | ||
| 100 | _aМикитюк Т.С. | ||
| 245 | _aЖанрово-стильові особливості комедій Оскара Уальда (на прикладі пєс "Віяло леді Віндермір" та "Як важливо бути серйозним" | ||
| 260 |
_aОстрог _bКАФ _c2009 |
||
| 300 | _a77 | ||
| 520 |
_aВСТУП
РОЗДІЛ 1 ТВОРЧІСТЬ О.УАЛЬДА В КОНТЕКСТІ ЛІТЕРАТУРНОГО ПРОЦЕСУ КІНЦЯ 19 СТ.
1.1 Художні тенденції західноєвропейської літератури епохи модернізму.
1.2 Естетико-філософські погляди О.Уальда.
1.3 Стильова специфіка "нової драми" і модерністський театр.
РОЗДІЛ 2 АНАЛІЗ КОМЕДІЙ О.УАЛЬДА "ВІЯЛО ЛЕДІ ВІНДЕРМІР" ТА "ЯК ВАЖЛИВО БУТИ СЕРЙОЗНИМ"
2.1 Жанрові особливості комедій "Віяло леді Віндермір" та "Як важливо бути серйозним".
2.2 Проблематика та характеристика персонажів.
2.3 Композиція пєс.
2.4 Стильові засоби комедій "Віяло леді Віндермір" та "Як важливо бути серйозним".
ВИСНОВКИ _0о.Уадьд, |
||
| 650 | _aResearch Papers | ||
| 999 |
_c284180 _d284180 |
||
| 942 | _cBK | ||